000 00827nam a22001817a 4500
999 _c3207
_d3207
003 OSt
005 20231107094359.0
008 231107b ||||| |||| 00| 0 eng d
020 _a9780198419525
040 _cKH8
082 _a813.54 ATW
100 _aAtwood, Margaret,
_eauthor.
245 _aThe Handmaid's Tale /
_cMargaret Atwood.
260 _aUnited Kingdom ;
_bOxford University Press,
_c2017.
300 _a118 pages :
_c16.9cm x 21.5cm.
520 _aPacked with information and advice from experienced teachers and examiners, the Oxford Literature Companions aim to help you get to grips with your set text and to prepare for your assessment. The Companions include extensive sections on exam preparation and response planning, as well as a bank of annotated sample answers and practice questions.
942 _2ddc
_cTR